Statistics for I Got Life Lyrics

Click here to take the quiz!

General Stats

  • This quiz has been taken 15 times
    (4 since last reset)
  • The average score is 43 of 74

Answer Stats

% Correct
{life}!!!!!!!!!
100%
{life}
100%
I got {life}
100%
got my {hair}
67%
I got {laughs}, {sister}
67%
I got my {fingers}
67%
got my {legs}
67%
I got my {feet}
67%
I got my {liver}
67%
got my {ears}
67%
got my {head}
67%
I got my {heart}
67%
got my {eyes}
67%
my {mouth}
67%
got my {heart}
67%
got my {muscles}
67%
I got my {arms}
67%
I got {life}, {mother}
67%
I got my {hands}
67%
I got my {ears}
67%
I got {freedom}, {brother}
67%
I got {good} {times}, {man}
67%
I got {crazy} {ways}, {daughter}
67%
I got {million}-{dollar} {charm}, {cousin}
67%
I got {headaches}
67%
and {toothaches}
67%
and {bad} {times} {too}, {like} {you}
67%
I got my {head}
67%
I got my {hair}
67%
I got my {mouth}
67%
I got my {eyes}
67%
I got my {teeth}
67%
got my {neck}
33%
I got my {tits}
33%
I got my {tongue}
33%
I got my {soul}
33%
got my {guts}
33%
my {back}
33%
got my {soul}
33%
I got my {back}
33%
got my {tits}
33%
I got my {ass}
33%
got my {chin}
33%
I got my {toes}
33%
got my {nose}
33%
got my {brains}
33%
I got my {neck}
33%
I got my {nose}
33%
I got {good} {times}, {good} {times}, {man}
33%
got my {blood}
33%
I got my {brains}
33%
I got my {chin}
33%

Score Distribution

Percentile by Number Answered

Percent of People with Each Score

Your Score History

You have not taken this quiz since the last reset